Home Print Resources E-Books E-Journals IIMT Lecture Series Library Membership Form Book Recommendation Form Campus Tour Take AdmissionAbout Us Contact Us

BUSINESS LAW (Record no. 56471)

000 -LEADER
fixed length control field nam a22 7a 4500
003 - CONTROL NUMBER IDENTIFIER
control field OSt
005 - DATE AND TIME OF LATEST TRANSACTION
control field 20230421072058.0
008 - FIXED-LENGTH DATA ELEMENTS--GENERAL INFORMATION
fixed length control field 230421b xxu||||| |||| 00| 0 eng d
040 ## - CATALOGING SOURCE
Transcribing agency IIMT COLLEGE OF MANAGEMENT,NOIDA
100 ## - MAIN ENTRY--PERSONAL NAME
Personal name KUCHHAL,M.C.
245 ## - TITLE STATEMENT
Title BUSINESS LAW
260 ## - PUBLICATION, DISTRIBUTION, ETC.
Place of publication, distribution, etc. NEW DELHI
Name of publisher, distributor, etc. VIKAS PUBLICATIONS
Date of publication, distribution, etc. 2022
300 ## - PHYSICAL DESCRIPTION
Extent 449
942 ## - ADDED ENTRY ELEMENTS (KOHA)
Source of classification or shelving scheme
Koha item type Book Bank
Edition 7th
Holdings
Withdrawn status Lost status Source of classification or shelving scheme Damaged status Not for loan Home library Current library Date acquired Source of acquisition Cost, normal purchase price Inventory number Total Checkouts Barcode Date last seen Price effective from Koha item type
          NOIDA College IIMT College of Management NOIDA College IIMT College of Management 04/03/2023 ARISTA 475.00 HO/IN/186/31.03.2023   09-B-23871 04/21/2023 04/21/2023 Book Bank
          NOIDA College IIMT College of Management NOIDA College IIMT College of Management 04/03/2023 ARISTA 475.00 HO/IN/186/31.03.2023   09-B-23872 04/21/2023 04/21/2023 Book Bank
IIMT, Central Library. All Rights Reserved IIMT,UNIVERSITY © 2023
Implemented and Customised by I CLOUDE EMS
You Are OPAC Visitor No
free web counter

Powered by Koha